[Event "BUL-chT (Women) 42th"]
[Site "Sunny Beach"]
[Date "2009.05.12"]
[Round "5.4"]
[White "Raeva, Elitsa"]
[Black "Andreeva, Veronika"]
[Result "1-0"]
[WhiteElo "2233"]
[BlackElo "1894"]
[PlyCount "51"]
[EventDate "2009.05.08"]
[EventType "team-tourn"]
[EventRounds "7"]
[EventCountry "BUL"]
[SourceTitle "CBM 130 Extra"]
[Source "ChessBase"]
[SourceDate "2009.07.02"]
[SourceVersion "2"]
[SourceVersionDate "2009.07.15"]
[SourceQuality "1"]
[WhiteTeam "Sofia Shah XXI (W)"]
[BlackTeam "Pleven Spartak XXI (W)"]
[WhiteTeamCountry "BUL"]
[BlackTeamCountry "BUL"]

1. d4 d5 2. c4 c6 3. Nc3 Nf6 4. Nf3 a6 5. c5 g6 6. Bf4 Nbd7 7. e3 Bg7 8. Bd3 0-0 9. 0-0 Nh5 10. Bg5 h6 11. Bh4 Nhf6 12. h3 Re8 13. e4 dxe4 14. Nxe4 Nxe4 15. Bxe4 Nf6 16. Bd3 Nd5 17. Re1 g5 18. Bg3 Bd7 19. Ne5 Qc8 20. Qb3 f5 21. Nc4 Kh8 22. Be5 Bxe5 23. Rxe5 Rb8 24. Rae1 f4 25. Nb6 Nxb6 26. Qf7 1-0

[Event "BUL-chT2 (Women) 58th"]
[Site "Borovetz"]
[Date "2008.10.03"]
[Round "3.1"]
[White "Andreeva, Veronika"]
[Black "Ivanova, Simoneta"]
[Result "0-1"]
[WhiteElo "1916"]
[BlackElo "1678"]
[PlyCount "76"]
[EventDate "2008.10.01"]
[EventType "team"]
[EventRounds "5"]
[EventCountry "BUL"]
[SourceTitle "CBM 126 Extra"]
[Source "ChessBase"]
[SourceDate "2008.11.05"]
[SourceVersion "1"]
[SourceVersionDate "2008.11.05"]
[SourceQuality "1"]

1. d4 Nf6 2. Nf3 g6 3. e3 d5 4. Be2 Bg7 5. 0-0 0-0 6. Nbd2 c5 7. b3 Qc7 8. Bb2 Nbd7 9. Rc1 e5 10. Nxe5 Nxe5 11. dxe5 Nd7 12. f4 Nb6 13. c4 Rd8 14. Qe1 a5 15. a4 Be6 16. Qf2 Bf8 17. h3 dxc4 18. Nxc4 Nxc4 19. Bxc4 Bxc4 20. Rxc4 Rd3 21. f5 Qd7 22. fxg6 fxg6 23. Rf4 Bh6 24. Qc2 Bxf4 25. Qc4+ Qd5 26. Qxd5+ Rxd5 27. Rxf4 Rf8 28. Re4 Kf7 29. Kh2 Ke6 30. Kg3 Rd3 31. Ba3 b6 32. Kg4 Rxb3 33. Bc1 Rf5 34. Bd2 Rd3 35. Bc1 Rxe5 36. Rf4 Rd7 37. h4 h5+ 38. Kh3 Rf7 0-1

[Event "BUL-chT (Women) 39h"]
[Site "Sunny Beach"]
[Date "2006.10.11"]
[Round "7"]
[White "Andreeva, Veronika"]
[Black "Dragijska, Iva"]
[Result "0-1"]
[WhiteElo "1912"]
[BlackElo "2004"]
[PlyCount "72"]
[EventDate "2006.10.05"]
[EventType "team-tourn"]
[EventRounds "7"]
[EventCountry "BUL"]
[SourceTitle "CBM 114 Extra"]
[Source "ChessBase"]
[SourceDate "2006.11.03"]
[SourceVersion "1"]
[SourceVersionDate "2006.11.03"]
[SourceQuality "1"]
[WhiteTeam "Pleven Spartak XXI (W)"]
[BlackTeam "Varna Georgi Daskalov (W)"]
[WhiteTeamCountry "BUL"]
[BlackTeamCountry "BUL"]

1. d4 d5 2. Nf3 Nc6 3. e3 Bg4 4. Nbd2 e6 5. Bd3 Nb4 6. Be2 Bf5 7. e4 dxe4 8. Nxe4 Bxe4 9. Bd3 Nxd3+ 10. cxd3 Bxf3 11. Qxf3 Bb4+ 12. Ke2 c6 13. Qg4 Bf8 14. Be3 Nf6 15. Qf3 Qd5 16. Rhe1 Qxf3+ 17. Kxf3 Bb4 18. Re2 Ke7 19. Rc1 h6 20. Rc4 Bd6 21. h3 Nd5 22. g4 Kd7 23. a3 f5 24. gxf5 Raf8 25. Kg2 Rxf5 26. Rc1 Rhf8 27. Rf1 Rf3 28. h4 Nxe3+ 29. Rxe3 Rxe3 30. fxe3 Rxf1 31. Kxf1 g5 32. h5 Ke7 33. Kg2 g4 34. e4 Bf4 35. b4 Kf6 36. a4 Kg5 0-1

[Event "Vratsa op (Women)"]
[Site "Vratsa"]
[Date "2006.07.31"]
[Round "7"]
[White "Andreeva, Veronika"]
[Black "Andreeva, Plamena"]
[Result "0-1"]
[WhiteElo "1912"]
[BlackElo "2088"]
[PlyCount "94"]
[EventDate "2006.07.27"]
[EventType "swiss"]
[EventRounds "9"]
[EventCountry "BUL"]
[SourceTitle "CBM 113 Extra"]
[Source "ChessBase"]
[SourceDate "2006.09.14"]
[SourceVersion "1"]
[SourceVersionDate "2006.09.14"]
[SourceQuality "1"]

1. d4 Nf6 2. Nf3 d6 3. c4 g6 4. Nc3 Bf5 5. Nd2 e5 6. d5 e4 7. e3 a5 8. Be2 h5 9. Nb3 Nbd7 10. Nd4 Bg4 11. f3 exf3 12. Bxf3 Ne5 13. Qe2 Bg7 14. e4 Nfd7 15. Be3 Nc5 16. 0-0-0 Qe7 17. Rhe1 0-0-0 18. a3 a4 19. Kb1 Bd7 20. Ndb5 Bxb5 21. cxb5 Ned7 22. Bd4 Bxd4 23. Rxd4 Qe5 24. Qd1 Nb6 25. h3 Rde8 26. Rb4 Re7 27. Qd4 Rhe8 28. Bd1 f5 29. Nxa4 Nxd5 30. Qxe5 Rxe5 31. Rd4 Nxa4 32. Bxa4 Nb6 33. Bb3 R8e7 34. a4 Rxe4 35. Rdxe4 Rxe4 36. Rxe4 fxe4 37. a5 Nd7 38. Be6 Kd8 39. a6 bxa6 40. bxa6 Nb6 41. Bf7 h4 42. Bxg6 d5 43. Kc2 c6 44. b4 Kc7 45. Be8 Nc4 46. b5 cxb5 47. Bxb5 Na3+ 0-1

[Event "BUL-ch U20 Girls"]
[Site "Doupnitza"]
[Date "2006.02.18"]
[Round "5"]
[White "Stefanova, Milena"]
[Black "Andreeva, Veronika"]
[Result "1-0"]
[WhiteElo "1999"]
[BlackElo "1905"]
[PlyCount "109"]
[EventDate "2006.02.15"]
[EventType "swiss"]
[EventRounds "7"]
[EventCountry "BUL"]
[SourceTitle "CBM 110 Extra"]
[Source "ChessBase"]
[SourceDate "2006.03.10"]
[SourceVersion "2"]
[SourceVersionDate "2006.03.10"]
[SourceQuality "1"]

1. e4 e6 2. d4 d5 3. Nd2 Nf6 4. Bd3 c5 5. c3 dxe4 6. Nxe4 cxd4 7. cxd4 Nc6 8. Nf3 Bb4+ 9. Nc3 0-0 10. 0-0 a6 11. Ne4 Nd5 12. Neg5 g6 13. h4 Nf6 14. Be3 Bd6 15. Nd2 Re8 16. Nde4 Bf8 17. Nxf6+ Qxf6 18. Ne4 Qd8 19. Bg5 Be7 20. Bxe7 Qxe7 21. Qf3 f5 22. Ng5 Nxd4 23. Qe3 Qf6 24. Rac1 Nc6 25. Qb6 h6 26. Rxc6 bxc6 27. Qxc6 Bd7 28. Qxd7 hxg5 29. hxg5 Qe7 30. Qc6 Rec8 31. Qb6 a5 32. Re1 e5 33. Qxg6+ Qg7 34. Qxf5 Rf8 35. Bc4+ Kh8 36. Qh3+ Qh7 37. Qg3 Rae8 38. g6 Qh6 39. Bf7 Re7 40. Qh3 Kg7 41. Qxh6+ Kxh6 42. f4 e4 43. g4 Rb8 44. g5+ Kg7 45. f5 Re5 46. Be6 Rxb2 47. Rc1 Rxe6 48. Rc7+ Kg8 49. fxe6 Rb8 50. Rf7 e3 51. Kf1 Rb1+ 52. Ke2 Rb5 53. e7 Rb8 54. Kxe3 a4 55. Rf8+ 1-0

[Event "BUL-ch U20 Girls"]
[Site "Doupnitza"]
[Date "2006.02.16"]
[Round "2"]
[White "Andreeva, Veronika"]
[Black "Hristova, Hristina"]
[Result "1-0"]
[WhiteElo "1905"]
[BlackElo "1898"]
[PlyCount "57"]
[EventDate "2006.02.15"]
[EventType "swiss"]
[EventRounds "7"]
[EventCountry "BUL"]
[SourceTitle "CBM 110 Extra"]
[Source "ChessBase"]
[SourceDate "2006.03.10"]
[SourceVersion "2"]
[SourceVersionDate "2006.03.10"]
[SourceQuality "1"]

1. d4 d5 2. Nf3 Nf6 3. c4 c6 4. Nc3 dxc4 5. a4 Bf5 6. e3 e6 7. Bxc4 Bb4 8. 0-0 Nbd7 9. Ne5 Nxe5 10. dxe5 Nd7 11. f4 h6 12. g4 Bh7 13. Qb3 Bxc3 14. bxc3 Be4 15. Ba3 Bd5 16. Bxd5 cxd5 17. Qxb7 Rc8 18. Rac1 Rc7 19. Qb5 Qh4 20. Qe2 g5 21. c4 dxc4 22. Bd6 Rc6 23. Rxc4 Rxc4 24. Qxc4 gxf4 25. Qc8+ Qd8 26. Qxd8+ Kxd8 27. exf4 Rg8 28. h3 Nb6 29. Rb1 1-0

[Event "BUL-ch U20 Girls"]
[Site "Doupnitza"]
[Date "2006.02.16"]
[Round "3"]
[White "Bednikova, Stefka"]
[Black "Andreeva, Veronika"]
[Result "1/2-1/2"]
[WhiteElo "2051"]
[BlackElo "1905"]
[PlyCount "104"]
[EventDate "2006.02.15"]
[EventType "swiss"]
[EventRounds "7"]
[EventCountry "BUL"]
[SourceTitle "CBM 110 Extra"]
[Source "ChessBase"]
[SourceDate "2006.03.10"]
[SourceVersion "2"]
[SourceVersionDate "2006.03.10"]
[SourceQuality "1"]

1. e4 e6 2. Qe2 Ne7 3. g3 g6 4. Bg2 Bg7 5. f4 c5 6. Nf3 Nbc6 7. c3 0-0 8. 0-0 e5 9. Na3 d6 10. Nc2 Bg4 11. h3 Bxf3 12. Qxf3 f5 13. d3 Qd7 14. Ne3 Rae8 15. Bd2 fxe4 16. dxe4 exf4 17. gxf4 g5 18. f5 Ne5 19. Qh5 h6 20. Ng4 Nxg4 21. Qxg4 Nc6 22. h4 Ne5 23. Qh5 Nc4 24. Bc1 Qf7 25. Qg4 Ne5 26. Qg3 g4 27. Bf4 h5 28. Rad1 Rd8 29. f6 Bxf6 30. Bh6 Rfe8 31. Bg5 Re6 32. Rf5 Qe7 33. Bxf6 Rxf6 34. Rxh5 Rdf8 35. Rd5 Qe6 36. Rhxe5 dxe5 37. Rxe5 Qd7 38. Rg5+ Kf7 39. Rxg4 Qd1+ 40. Kh2 Ke7 41. Rg7+ R8f7 42. Qe5+ Kf8 43. Rxf7+ Kxf7 44. Qc7+ Kg6 45. e5 Rf4 46. Qe7 Qg4 47. Qe8+ Kg7 48. Qe7+ Rf7 49. Qxc5 Qxh4+ 50. Kg1 Qe1+ 51. Kh2 Qh4+ 52. Kg1 Qe1+ 1/2-1/2

[Event "BUL-ch (Women) qual"]
[Site "Pleven"]
[Date "2006.01.28"]
[Round "1"]
[White "Yordanova, Svetla"]
[Black "Andreeva, Veronika"]
[Result "1/2-1/2"]
[WhiteElo "2179"]
[BlackElo "1940"]
[PlyCount "118"]
[EventDate "2006.01.28"]
[EventType "swiss"]
[EventRounds "9"]
[EventCountry "BUL"]
[SourceTitle "CBM 110 Extra"]
[Source "ChessBase"]
[SourceDate "2006.03.10"]
[SourceVersion "2"]
[SourceVersionDate "2006.03.10"]
[SourceQuality "1"]

1. d4 Nf6 2. c4 g6 3. f3 d5 4. cxd5 Nxd5 5. e4 Nb6 6. Nc3 Bg7 7. Be3 0-0 8. Qd2 Re8 9. 0-0-0 c6 10. h4 N8d7 11. h5 Nf6 12. hxg6 fxg6 13. g4 e5 14. Qh2 Qe7 15. g5 Nh5 16. d5 cxd5 17. exd5 Bd7 18. d6 Qf7 19. Kb1 Nc4 20. Bc1 Bf5+ 21. Ka1 Red8 22. Bxc4 Qxc4 23. Nge2 Rd7 24. Qf2 Bf8 25. b3 Qc6 26. Bb2 Bxd6 27. Rc1 Bc5 28. Qh2 Be3 29. Qxe5 Qe6 30. Qxe6+ Bxe6 31. Rcd1 Bxg5 32. Rxd7 Bxd7 33. Ne4 Be7 34. Rd1 Rd8 35. Nd4 Nf4 36. Bc3 Bc6 37. Re1 Bd5 38. a4 Kf7 39. Ka2 a6 40. Ba5 Rc8 41. Nc3 Bf6 42. Nxd5 Nxd5 43. Rd1 b6 44. Be1 Ne3 45. Rd3 Bxd4 46. Rxd4 Nc2 47. Rf4+ Ke6 48. Bf2 b5 49. axb5 axb5 50. Kb2 b4 51. Rc4 Rxc4 52. bxc4 Na3 53. Kb3 Nxc4 54. Kxc4 Kf5 55. Bg3 g5 56. Kxb4 h5 57. Kc4 h4 58. Bh2 g4 59. fxg4+ Kxg4 1/2-1/2

[Event "BUL-ch U18 Girls"]
[Site "Rouse"]
[Date "2004.03.18"]
[Round "2"]
[White "Andreeva, Veronika"]
[Black "Videnova, Iva"]
[Result "0-1"]
[WhiteElo "1940"]
[BlackElo "1983"]
[PlyCount "86"]
[EventDate "2004.03.17"]
[EventType "swiss"]
[EventRounds "7"]
[EventCountry "BUL"]
[SourceTitle "CBM 099 Extra"]
[Source "ChessBase"]
[SourceDate "2004.05.04"]
[SourceVersion "1"]
[SourceVersionDate "2004.05.04"]
[SourceQuality "1"]

1. d4 g6 2. Nf3 Bg7 3. c4 c5 4. d5 d6 5. Nc3 Bxc3+ 6. bxc3 f5 7. Bf4 Qa5 8. Qb3 Nf6 9. Nd2 Nh5 10. Bh6 Nd7 11. g3 Rg8 12. e4 Ne5 13. Be2 Nf6 14. exf5 Bxf5 15. 0-0 Kf7 16. Bg5 Qc7 17. f3 h5 18. Ne4 Kg7 19. Qc2 Qd7 20. Bd3 Nxe4 21. fxe4 Bh3 22. Rf2 Rgf8 23. Bf4 h4 24. Qd2 Ng4 25. Re2 hxg3 26. hxg3 g5 27. Bxg5 Rf3 28. Bf4 Rf8 29. Rh2 Nxh2 30. Bh6+ Kf7 31. Bxf8 Rxg3+ 32. Kxh2 Rg2+ 33. Qxg2 Bxg2 34. Kxg2 Qg4+ 35. Kf2 Kxf8 36. Rf1 Qh3 37. Ke2+ Ke8 38. Rf3 Qg4 39. Kf2 Qg5 40. Be2 Qd2 41. a4 Qa2 42. Rh3 Qxa4 43. Rh8+ Kd7 0-1

[Event "BUL-ch U20"]
[Site "Pleven"]
[Date "2004.02.08"]
[Round "7"]
[White "Mladenov, Ilian"]
[Black "Andreeva, Veronika"]
[Result "1-0"]
[WhiteElo "2235"]
[BlackElo "1940"]
[PlyCount "39"]
[EventDate "2004.02.10"]
[EventType "swiss"]
[EventRounds "9"]
[EventCountry "BUL"]
[SourceTitle "EXT 2005"]
[Source "ChessBase"]
[SourceDate "2004.11.15"]
[SourceVersion "1"]
[SourceVersionDate "2004.11.15"]
[SourceQuality "1"]

1. d4 Nf6 2. Nc3 c5 3. d5 e5 4. g3 g6 5. Bg2 Bg7 6. Nf3 d6 7. 0-0 Bd7 8. a4 Na6 9. Nd2 Nc7 10. Nc4 Qe7 11. e4 h5 12. Bg5 Qf8 13. f4 Nh7 14. Bh4 b5 15. axb5 Nxb5 16. Nb6 Nxc3 17. bxc3 Rb8 18. Nxd7 Kxd7 19. Rxa7+ Kc8 20. Be7 1-0

[Event "BUL-ch U20"]
[Site "Pleven"]
[Date "2004.02.07"]
[Round "6"]
[White "Andreeva, Veronika"]
[Black "Bonev, Todor"]
[Result "0-1"]
[WhiteElo "1940"]
[BlackElo "2020"]
[PlyCount "62"]
[EventDate "2004.02.10"]
[EventType "swiss"]
[EventRounds "9"]
[EventCountry "BUL"]
[SourceTitle "EXT 2005"]
[Source "ChessBase"]
[SourceDate "2004.11.15"]
[SourceVersion "1"]
[SourceVersionDate "2004.11.15"]
[SourceQuality "1"]

1. d4 Nf6 2. Nf3 g6 3. c4 Bg7 4. Nc3 0-0 5. e4 d6 6. Be2 e5 7. 0-0 Nc6 8. d5 Ne7 9. b4 Nh5 10. Re1 f5 11. Ng5 Nf6 12. Bf3 h6 13. Ne6 Bxe6 14. dxe6 c6 15. b5 fxe4 16. Nxe4 Nxe4 17. Bxe4 d5 18. cxd5 cxd5 19. Bc2 Qb6 20. Qe2 e4 21. Rb1 Qxe6 22. Bb3 Kh7 23. Ba3 Rf5 24. Rbd1 Raf8 25. Bxd5 Nxd5 26. Bxf8 Nc3 27. Qb2 Rxf8 28. Ra1 Nd1 29. Qb1 Nxf2 30. Re2 Qb6 31. a4 Nd1+ 0-1

[Event "BUL-ch U20"]
[Site "Pleven"]
[Date "2004.02.07"]
[Round "9"]
[White "Myumyun, Myumyun"]
[Black "Andreeva, Veronika"]
[Result "0-1"]
[WhiteElo "1860"]
[BlackElo "1940"]
[PlyCount "100"]
[EventDate "2004.02.10"]
[EventType "swiss"]
[EventRounds "9"]
[EventCountry "BUL"]
[SourceTitle "EXT 2005"]
[Source "ChessBase"]
[SourceDate "2004.11.15"]
[SourceVersion "1"]
[SourceVersionDate "2004.11.15"]
[SourceQuality "1"]

1. e4 c6 2. d4 d5 3. exd5 cxd5 4. Nf3 Nf6 5. Bd3 g6 6. 0-0 Bg7 7. h3 0-0 8. Be3 Nc6 9. c3 Ne8 10. Qd2 Nd6 11. Bh6 f6 12. Nh4 e5 13. Bxg7 Kxg7 14. dxe5 fxe5 15. g3 Bxh3 16. Re1 Qf6 17. Na3 g5 18. Ng2 e4 19. Bf1 Ne5 20. Qxd5 Nf3+ 21. Kh1 Bxg2+ 22. Kxg2 Nxe1+ 23. Rxe1 Qxf2+ 24. Kh3 Qf5+ 25. Qxf5 Rxf5 26. Nc2 Rf2 27. Nd4 h5 28. Bg2 g4+ 29. Kh2 Re8 30. Re2 e3 31. Kg1 Rf7 32. b3 Rc7 33. c4 Kg6 34. Bd5 Rce7 35. Kg2 Nc8 36. Kf1 Nb6 37. Bg2 Rd8 38. Nc2 Rd1+ 39. Re1 e2+ 40. Kf2 Rf7+ 41. Kxe2 Rxe1+ 42. Nxe1 Nc8 43. Nd3 Re7+ 44. Kd2 Kg5 45. c5 h4 46. gxh4+ Kxh4 47. b4 Kg3 48. Bd5 Kh2 49. b5 g3 50. Ne1 Rd7 0-1